Plato in symposium : selected papers from the tenth Symposium Platonicum /
| Συγγραφή απο Οργανισμό/Αρχή: | |
|---|---|
| Άλλοι συγγραφείς: | , |
| Μορφή: | Πρακτικό Συνεδρίου Βιβλίο |
| Γλώσσα: | Multiple English German Italian French |
| Έκδοση: |
Sankt Augustin :
Academia Verlag,
2016.
|
| Σειρά: | International Plato Studies
35. |
| Θέματα: |
| LEADER | 01282cam a2200301 i 4500 | ||
|---|---|---|---|
| 001 | 19169694 | ||
| 003 | GR-PaULI | ||
| 005 | 20250329063438.0 | ||
| 008 | 160701s2016 gw b 001 0 mul | ||
| 952 | |0 0 |1 0 |2 ddc |4 0 |6 184_000000000000000_SYM |7 0 |9 245523 |a LISP |b LISP |c BSC |d 2020-12-14 |i 150047 |l 0 |o 184 SYM |p 025000277037 |r 2020-12-14 00:00:00 |t 1 |w 2020-12-14 |y BK15 | ||
| 999 | |c 148223 |d 148223 | ||
| 010 | |a 2016418699 | ||
| 020 | |a 9783896656780 | ||
| 040 | |a DLC |b gre |c GR-PaULI |e AACR2 | ||
| 041 | 0 | |a eng |a ger |a ita |a fre | |
| 082 | 0 | 4 | |2 23 |a 184 |
| 111 | 2 | |9 184739 |a Symposium Platonicum |n (10th : |d 2013 : |c Pise, Italie) | |
| 245 | 1 | 0 | |a Plato in symposium : |b selected papers from the tenth Symposium Platonicum / |c edited by Mauro Tulli and Michael Erler. |
| 260 | |a Sankt Augustin : |b Academia Verlag, |c 2016. | ||
| 300 | |a xii, 529 σ. ; |c 24 εκ. | ||
| 490 | 1 | |a International Plato studies |v 35. | |
| 504 | |a Περιλαμβάνει βιβλιογραφικές παραπομπές και ευρετήριο. | ||
| 600 | 0 | 0 | |a Πλάτων, |d 427-347 |9 5484 |
| 700 | 1 | |a Tulli, Mauro |e επιμελητής. |9 146575 | |
| 700 | 1 | |a Erler, Michael |e επιμελητής. |9 165055 | |
| 830 | |9 176580 |a International Plato Studies |v 35. | ||
| 942 | |2 ddc |c BK15 | ||
| 998 | |c ΜΠΟΥΡΑΣ |d 2020-12 | ||